Responses for Show #5887 - Tuesday, March 30, 2010

Contestants

[<< previous game]

Emily Cloyd, a climate scientist originally from Troy, Michigan

Stacy Braverman, a public interest lawyer from Washington, D.C.

Manny Maldonado III, a high school chemistry teacher from Horizon City, Texas (whose 1-day cash winnings total $12,500)

[next game >>]

Jeopardy! Round responses

I AM A BAD, BAD SURGEON
FRANKENSTEIN
MEXICAN FOOD
ALSO A CAR RENTAL COMPANY
WE NEED AN ANSWER
"BUZZ" IN
    $200 8
a heart

Emily
    $200 26
Thomas Edison

Triple Stumper
    $200 1
guacamole

Stacy
    $200 14
Hertz

Stacy
    $200 21
Molly Brown

Stacy
    $200 2
a buzzcut

Stacy
    $400 9
the intestine

Stacy
    $400 27
Frankenberry

Triple Stumper
    $400 13
a churro

Emily
    $400 17
National

Emily
    $400 22
"You lose."

Stacy
    $400 3
a buzzard

Manny
    $600 10
a lung

Manny
    $600 28
Igor

Manny
    $600 4
nachos

Stacy
    $600 18
Budget

Stacy
    $600 23
"I have not yet begun to fight."

Triple Stumper
    $600 5
a buzz saw

Manny
    $800 15
foot

Manny
    $800 29
Rocky Horror Picture Show

Stacy
    $800 11
a chimichanga

Manny
    $800 19
Enterprise

Stacy
    $800 24
(Stacy: What is the French Revolution?)
(Alex: Be more specific.)
(Stacy: What is the first French Revolution?)
(Emily: What is the storming of the Bastille?)

the Reign of Terror

StacyEmily
Triple Stumper
    $800 6
Buzz Aldrin

Stacy
    $1000 16
(Manny: What is the liver?)

the gallbladder

MannyStacy
    $1000 30
Andy Warhol

Triple Stumper
    $1000 12
menudo

Manny
    $1,200 20
Avis

Stacy
    $1000 25
the sphinx

Emily
    $1000 7
a buzz bomb

Triple Stumper

Scores at the first commercial break (after clue 15):

Manny Stacy Emily
$4,200 $2,400 $600

Scores at the end of the Jeopardy! Round:

Manny Stacy Emily
$3,800 $6,600 $1,200

Double Jeopardy! Round responses

"W"RITERS
THEY LEFT THEIR MARK AT GRAUMAN'S CHINESE
THE SECOND LARGEST CITY
(Alex: We will give you [*]; you identify the country it's in.)
HISTORIC FASHION
ARE YOU HAVING A LAUGH?
ECUADOR OF YORE
(Kelly: Days of prosperity and pyromania from the Parque Histórico in Guayaquil.)
    $400 4
(Virginia) Woolf

Stacy
    $400 21
(Emily: Who is WALL•E?)

R2-D2

Emily
Triple Stumper
    $400 9
Turkey

Emily
    $400 16
a bustle

Stacy
    $400 1
twitter

Emily
    $800 5
(Elie) Wiesel

Stacy
    $800 22
(Manny: Who is Gene Autry?)

Roy Rogers

MannyStacy
    $800 10
United Kingdom

Emily
    $800 17
a knickerbocker

Emily
    $800 2
a kneeslapper

Emily
    $800 26
Simon Bolivar

Triple Stumper
    $1200 6
(Evelyn) Waugh

Stacy
    $1200 23
Betty Grable

Manny
    $1200 11
Belgium

Manny
    $1200 18
ascots

Triple Stumper
    $1200 3
a snicker

Stacy
    $1200 27
(Emily: What is gasoline?)
...
(Alex: Less than a minute now, Manny.)

electricity

Emily
Triple Stumper
    $1600 7
Nathanael West

Triple Stumper
    $2,000 24
(Manny: Who are Laurel and Hardy?)

Jimmy Durante and Bob Hope

Manny
    $1600 12
Pakistan

Stacy
    $1600 19
the stove-pipe hat

Emily
    $1600 14
giggle

Manny
    $4,000 28
(Manny: What are Bermuda hats?)

Panama hats

Manny
    $2000 8
(T.H.) White

Manny
    $2000 25
(Manny: Who is Buster Keaton?)
(Emily: Who is Charlie Chaplin?)

Harold Lloyd

MannyEmily
Triple Stumper
    $2000 13
Venezuela

Manny
    $2000 20
the Empire waist

Stacy
    $2000 15
(Manny: what is Jabberwocky?)
(Emily: What is hee haw?)

chortle

MannyEmily
Triple Stumper
    $2000 29
[The end-of-round signal sounds.]

Quito

Triple Stumper

Scores at the end of the Double Jeopardy! Round:

Manny Stacy Emily
$1,000 $15,000 $400
(lock game)

[wagering suggestions for these scores]

Final Jeopardy! Round responses

NAVAL HEROES
EmilyWho is John Paul Jones?
$350
MannyWho is Horatio Hornblower?
$199
StacyWho is Farragut?
$16
Admiral Nelson

Final scores:

Manny Stacy Emily
$801 $14,984 $50
2nd place: $2,000 New champion: $14,984 3rd place: $1,000

Game dynamics:

Coryat scores:

Manny Stacy Emily
$7,000 $14,800 $400
12 R,
6 W
(including 2 DDs)
21 R
(including 1 DD),
1 W
10 R,
5 W

Combined Coryat: $22,200

[game clues] [game scores] [suggest correction]

Game tape date: 2010-01-13
The J! Archive is created by fans, for fans. Scraping, republication, monetization, and malicious use prohibited; this site may use cookies and collect identifying information. See terms. The Jeopardy! game show and all elements thereof, including but not limited to copyright and trademark thereto, are the property of Jeopardy Productions, Inc. and are protected under law. This website is not affiliated with, sponsored by, or operated by Jeopardy Productions, Inc. Join the discussion at JBoard.tv.